000 00932aam a2200277 i 4500
005 20231004165131.0
008 220526t20222022my a j 6 000 1 may
020 _a9789672790358
_cRM29.90
_qhardback
040 _aPPAK
_beng
_cPPAK
_erda
049 _amal
082 0 4 _a741.5
_223
090 0 0 _a741.5
_bKEN
_dG
100 1 _aKenny, Chua,
_eauthor.
245 1 0 _aJINGGO :
_bKOMPILASI JUBLI.
_n15 /
_cKARYA KENNY CHUA ; Proof Edited by Azian Zain
250 _aFirst edition April 2014
264 1 _aKuala Lumpur :
_bGALA UNGGUL RESOURCES SDN. BHD.,
_c2014
264 4 _c©2014
300 _a366 pages :
_bcolour illustrations ;
_c21 cm.
336 _atext
_2rdacontent
337 _aunmediated
_2rdamedia
338 _avolume
_2rdacarrier
650 1 0 _aComic books, strips, etc.
_vTranslations into Malay
650 2 0 _aComic books and teenagers
700 0 _aAzian Zain,
_eeditor.
942 _2ddc
_cB
999 _c193322
_d193322